000
00371nam a2200169Ia 4500
003
0STCL
008
150530s9999 xx 000 0 und d
040
_a
STCL
_c
STCL
100
_a
Viswanath Iyer
245
_a
Gadyanjali
260
_b
Hindi Book Stall ; TVM
_c
1961
300
_a
0
546
_a
Hindi
942
_2
ddc
_c
BK
999
_c
64898
_d
64898
005
20220125171254.0